الطب النبوي

Bibliographic Details
Main Authors: ابن قيم الجوزية، محمد بن ابي بكر (Author), عبد الخالق, عبد الغني (Author)
Format: Book
Published: Bayrut : Dar al-Fikr , [n.d.]
Subjects:

MARC

LEADER 00000cam a2200000 7i4500
001 0000028021
005 20200805093000.0
008 021119n
090 0 0 |a R128.3   |b .Q29 
100 0 |a ابن قيم الجوزية، محمد بن ابي بكر ,   |e author 
245 1 2 |a الطب النبوي   |c شمس الدين محمد بن ابي بكر بن ايوب الزرعي الشهير بابن قيم الجوزية   |f كتب المقدمة و ارجع الاصل وصححه و اشرف على التعليقات عبد الغني عبد الخالق ، وضع التعاليق الطبية الدكتور عادل الازهري وخرج الاحاديث محمود فرج العقدة 
260 2 |a Bayrut :   |b Dar al-Fikr ,   |c [n.d.] 
300 |a 334 p. ;   |c 25 cm. 
650 0 |a Medicine, Arab 
650 0 |a Medicine   |x Religious aspects   |x Islam 
700 0 |a عبد الخالق, عبد الغني ,   |e author 
745 0 3 |a al-Tibb al-Nabawi 
999 |a 1000053143   |b Book   |c OPEN SHELF (30 DAYS)   |e Gong Badak Campus 
999 |a 1000054443   |b Book   |c OPEN SHELF (30 DAYS)   |e Gong Badak Campus